Kanały, które były numerem 1 na światowym YT - Statystyki

Ogólne statystyki
  • Ten quiz został rozwiązany 31 razy
  • Średni wynik to 2 z 11
Statystyki odpowiedzi
Przedział czasowy Obecna ilość subskrypcji Nazwa kanału % Poprawnych
sierpień 2013 - październik 2013, grudzień 2013 - październik 2018, listopad 2018 - luty 2019, marzec 2019 - kwiecień 2019 105 milionów PewDiePie
100%
październik 2018 - listopad 2018, luty 2019 - marzec 2019, kwiecień 2019 - czerwiec 2020 141 milionów T-Series
76%
październik 2005 - marzec 2006, kwiecień 2007 - październik 2008, styczeń 2013 - sierpień 2013 25,1 miliona Smosh
21%
październik 2008 - sierpień 2009 2,92 miliona Fred
7%
październik 2008, sierpień 2009 - czerwiec 2011 21,4 miliona nigahiga
3%
sierpień 2005 - październik 2005, październik 2013 - grudzień 2013 30,4 miliona YouTube
3%
maj 2006 - lipiec 2006 kanał usunięty przez YT Brookers
0%
lipiec 2006 - wrzesień 2006 83,6 tysiąca geriatric1927
0%
marzec 2006 - maj 2006 105 tysięcy Judson Laipply
0%
wrzesień 2006 - kwiecień 2007 174 tysiące lonelygirl15
0%
czerwiec 2011 - styczeń 2013 9,7 miliona Ray William Johnson
0%
Nie znaleziono quizów pasujących do podanych kryteriów
Rozkład punktacji
Procent ludzi z każdym wynikiem
Percentyl według liczby udzielonych odpowiedzi
Twoja historia wyników
Nie rozwiązałeś tego quizu